Culture Générale - Série 468 - Statistiques

Statistiques générales
  • Ce quiz a été pris 192 fois
  • Le résultat moyen est 5 sur 10
Statistiques - réponses
Question Réponse % Correct
Dans quelle chanson Francis Cabrel est‐il "le gardien du sommeil de ses nuits" ? Je l'aime à mourir
83%
A quel président américain Forrest Gump serre‐t‐il la main ? Kennedy
74%
Dans quel pays s'est développé le mouvement bouddhiste appelé "zen" à partir du 12e siècle ? Japon
71%
Combien de chromosomes composent le patrimoine génétique de l'espèce humaine ? 46
70%
En 1991, dans quel tube Yannick Noah parle‐t‐il de la brousse, de Paris et de Yaoundé ? Saga Africa
66%
Quel humaniste, auteur des "Essais", fut élu maire de Bordeaux en 1581 ? Montaigne
65%
Quel Français, prénommé Brian, a été sacré champion du monde de patinage artistique le 22 mars 2007 ? Brian Joubert
56%
Quel terme sanskrit signifiant littéralement "extinction" désigne un état où toutes les sensations sont abolies ? Nirvâna
28%
Sur quelle célèbre place bordelaise le monument à la mémoire des Girondins se dresse‐t‐il ? Les Quinconces
20%
Quel était le prénom de la mère de Yannick Noah qui assurait la direction de leur association caritative "Les Enfants de la Terre" ? Marie‐Claire
8%
Aucun quiz correspondant
Distribution des résultats
% des personnes avec chaque résultat
Percentile par nombre de réponses
Votre historique - résultats
Vous n’avez pas pris ce quiz